[Event "Superettan(Orgryte-Lundby)"]
[Site "?"]
[Date "2008.01.12"]
[Round "4"]
[White "Ostberg, Peter"]
[Black "Lehtonen, Ture"]
[Result "1/2-1/2"]
[WhiteElo "2236"]
[BlackElo "2154"]
[PlyCount "64"]

1. Nf3 e6 2. c4 d5 3. d4 c6 4. g3 Bd6 5. Bg2 f5 6. O-O Nf6 7. b3 Qe7 8. Ne5 O-O
9. Nd3 b6 10. Bf4 Bxf4 11. Nxf4 Bb7 12. Nc3 Ne4 13. Qc2 Nd7 14. Rad1 Nxc3 15.
Qxc3 g5 16. Nd3 f4 17. Rfe1 Qf6 18. e4 Rae8 19. cxd5 exd5 20. exd5 Rxe1+ 21.
Rxe1 fxg3 22. fxg3 c5 23. Re6 Qf5 24. dxc5 Bxd5 25. Re7 Rf6 26. Bxd5+ Kf8 27.
Qe1 Qxd5 28. Rxh7 Qd4+ 29. Kg2 Qd5+ 30. Kg1 Qd4+ 31. Kg2 Qd5+ 32. Kg1 Qd4+
1/2-1/2

[Event "Superettan(Orgryte-Lundby)"]
[Site "?"]
[Date "2008.01.12"]
[Round "4"]
[White "Ingvason, Sigurgeir"]
[Black "Eksmyr, Johan"]
[Result "0-1"]
[WhiteElo "2029"]
[BlackElo "2152"]
[PlyCount "76"]
[EventDate "2008.??.??"]

1. Nf3 Nf6 2. d4 g6 3. c4 Bg7 4. Nc3 d5 5. g3 c6 6. Bg2 O-O 7. O-O dxc4 8. h3
Nd5 9. Bg5 h6 10. Bd2 Be6 11. Rc1 Nd7 12. a3 Nxc3 13. Bxc3 Bd5 14. Re1 Nf6 15.
Nd2 Bxg2 16. Kxg2 Nd5 17. e3 b5 18. Qf3 Nxc3 19. bxc3 Qd6 20. a4 a6 21. Ne4 Qd5
22. axb5 axb5 23. Ra1 Rfd8 24. Reb1 Kf8 25. Nc5 Qxf3+ 26. Kxf3 Ke8 27. e4 e6
28. e5 Bf8 29. Ne4 Be7 30. Ke3 Kd7 31. f4 Kc7 32. g4 Kb6 33. Rf1 c5 34. Rxa8
cxd4+ 35. cxd4 Rxa8 36. f5 Ra3+ 37. Kf4 g5+ 38. Nxg5 Bxg5+ 0-1

[Event "Superettan(Orgryte-Lundby)"]
[Site "?"]
[Date "2008.01.12"]
[Round "4"]
[White "Arnelind, Mikael"]
[Black "Pryzsuski, Feliks"]
[Result "1/2-1/2"]
[WhiteElo "2155"]
[BlackElo "2037"]
[PlyCount "91"]
[EventDate "2008.??.??"]

1. d4 Nf6 2. c4 e6 3. Nc3 Bb4 4. e3 d5 5. Nf3 O-O 6. Bd3 c5 7. O-O Nc6 8. a3
Bxc3 9. bxc3 dxc4 10. Bxc4 Qc7 11. Qc2 e5 12. Ba2 Bg4 13. Nxe5 Nxe5 14. dxe5
Qxe5 15. f3 Be6 16. Bxe6 Qxe6 17. Rb1 b6 18. e4 Rfd8 19. Bg5 h6 20. Bh4 Rd7 21.
Rbe1 g5 22. Bf2 Rad8 23. Be3 Nh5 24. Rd1 Qc4 25. Rxd7 Rxd7 26. Kf2 Rd3 27. Rc1
Nf6 28. h4 Nh7 29. Qe2 Qa6 30. Rd1 c4 31. Rxd3 cxd3 32. Qb2 Qa4 33. hxg5 hxg5
34. Qc1 f6 35. c4 Qb3 36. Bd2 Kf7 37. Ke3 Nf8 38. Qc3 Qb1 39. Qxd3 Qg1+ 40. Ke2
Qxg2+ 41. Kd1 g4 42. Qd5+ Kg7 43. fxg4 Qxg4+ 44. Kc1 Ne6 45. Qd7+ Kg6 46. Qe8+
1/2-1/2

[Event "Superettan(Orgryte-Lundby)"]
[Site "?"]
[Date "2008.01.12"]
[Round "4"]
[White "Johansson, Gunnar"]
[Black "Ronneland, Daniel"]
[Result "0-1"]
[WhiteElo "1757"]
[BlackElo "2117"]
[PlyCount "88"]

1. d4 Nf6 2. c4 c5 3. d5 e6 4. Nc3 exd5 5. cxd5 d6 6. e4 g6 7. Bb5+ Nbd7 8. Nf3
Bg7 9. O-O O-O 10. Bf4 a6 11. Bxd7 Qxd7 12. h3 b5 13. Bh2 Rd8 14. Re1 b4 15.
Na4 Qb5 16. Rb1 a5 17. b3 Ne8 18. Nb2 Nc7 19. Nc4 Qa6 20. Qc2 Nb5 21. g4 Bb7
22. Rbd1 a4 23. Re3 axb3 24. axb3 Qa2 25. Qd3 Nc3 26. Rd2 Qxb3 27. Nxd6 Ra1+
28. Kg2 Ba6 29. Qc2 Bf1+ 30. Kg3 Qxc2 31. Rxc2 Rxd6 32. e5 Rxd5 33. Kh4 Bd3 34.
Rd2 c4 35. e6 fxe6 36. Rxe6 Ne4 37. Rb6 g5+ 38. Nxg5 Nxg5 39. Rb8+ Kf7 40. Rb7+
Kg6 41. Rb6+ Bf6 42. Rb2 Ne4+ 43. g5 Rxg5 44. R2xb4 Be2 0-1

[Event "Superettan(Orgryte-Lundby)"]
[Site "?"]
[Date "2008.01.12"]
[Round "4"]
[White "Forsberg, Jan-Olof"]
[Black "Kartal, Zeljko"]
[Result "1/2-1/2"]
[WhiteElo "2125"]
[BlackElo "1701"]
[PlyCount "74"]

1. d4 Nf6 2. c4 g6 3. Nc3 d5 4. Nf3 Bg7 5. Qb3 dxc4 6. Qxc4 O-O 7. e4 c6 8. Qb3
a5 9. Be2 b5 10. Qc2 Na6 11. O-O Nb4 12. Qd1 Qb6 13. h3 Rd8 14. Be3 Bb7 15. Qb3
Qc7 16. Rac1 Qb8 17. Ne5 e6 18. Bf4 Qa7 19. Be3 Qb8 20. a3 Na6 21. Bf4 Qa7 22.
d5 exd5 23. exd5 a4 24. Qa2 Nxd5 25. Nxd5 cxd5 26. Bxb5 Qd4 27. Nd3 Rac8 28.
Be3 Qe4 29. Bb6 Rxc1 30. Rxc1 Rc8 31. Rxc8+ Bxc8 32. b4 axb3 33. Qxb3 h5 34.
Qd1 Bd4 35. Bxd4 Qxd4 36. Qf3 Nc5 37. Nxc5 Qxc5 1/2-1/2

[Event "Superettan(Upsala II-Passanten)"]
[Site "?"]
[Date "2008.01.12"]
[Round "4"]
[White "Cramling, Dan"]
[Black "Cederberg, Karl Olof"]
[Result "1-0"]
[WhiteElo "2356"]
[BlackElo "2220"]
[PlyCount "89"]

1. d4 c5 2. d5 e5 3. e4 d6 4. Bb5+ Nd7 5. a4 a6 6. Bd3 g6 7. Nf3 Ne7 8. Na3 Qc7
9. Nc4 b6 10. Nfxe5 Nxe5 11. Nxe5 dxe5 12. d6 Qd7 13. dxe7 Qxe7 14. O-O Bg7 15.
Qe2 O-O 16. b3 Bb7 17. Bb2 f5 18. Rfe1 Qg5 19. Rad1 Kh8 20. f3 Rfe8 21. Qf1 h5
22. Re2 Rad8 23. Rde1 c4 24. Bxc4 fxe4 25. fxe4 Bf8 26. Bc1 Bc5+ 27. Kh1 Qe7
28. Be3 Bb4 29. Rd1 Rf8 30. Rxd8 Qxd8 31. Qc1 Ba3 32. Qg1 Qa8 33. Bxb6 Bxe4 34.
Qe1 Rf4 35. Bc7 Rg4 36. Bxe5+ Kh7 37. Qf1 Qe8 38. Qf7+ Qxf7 39. Bxf7 Bxg2+ 40.
Rxg2 Re4 41. Bc3 Re3 42. Rg3 Re1+ 43. Bxe1 h4 44. Rh3 g5 45. Bc4 1-0

[Event "Superettan(Upsala II-Passanten)"]
[Site "?"]
[Date "2008.01.12"]
[Round "4"]
[White "Svensson, Mans"]
[Black "Sandstrom, Ludvig"]
[Result "1/2-1/2"]
[WhiteElo "2245"]
[BlackElo "2391"]
[PlyCount "84"]

1. d4 g6 2. e4 Bg7 3. Nc3 d6 4. Be3 Nd7 5. h3 e5 6. Nge2 Ngf6 7. g4 a6 8. dxe5
dxe5 9. g5 Ng8 10. Qd2 h6 11. O-O-O c6 12. gxh6 Bxh6 13. f4 Qa5 14. f5 Bxe3 15.
Qxe3 Qc5 16. Qf3 Ne7 17. Ng3 Rh4 18. fxg6 fxg6 19. Nge2 Rh7 20. h4 Nf8 21. h5
gxh5 22. Rxh5 Rxh5 23. Qxh5+ Nfg6 24. Kb1 Qf2 25. Qg5 Be6 26. Qd2 Kf7 27. Qd6
Rh8 28. Nc1 Qf6 29. Qc7 Rh1 30. Bd3 Rxd1 31. Nxd1 b5 32. Ne3 Qf4 33. Qa7 Nh4
34. b3 Qf2 35. Qb6 Ng2 36. Nc4 Qxb6 37. Nxb6 Ke8 38. a4 Kd8 39. a5 c5 40. c4 b4
41. Na4 Nc6 42. Nxc5 Bc8 1/2-1/2

[Event "Superettan(Upsala II-Passanten)"]
[Site "?"]
[Date "2008.01.12"]
[Round "4"]
[White "Sanden, Stefan"]
[Black "Holm, Magnus"]
[Result "0-1"]
[WhiteElo "2334"]
[BlackElo "2206"]
[PlyCount "34"]

1. e4 e6 2. d4 d6 3. f4 Ne7 4. Nf3 a6 5. Bd3 Nd7 6. O-O g6 7. f5 Bg7 8. Kh1
exf5 9. exf5 Nf6 10. Qe2 d5 11. Bg5 gxf5 12. Ne5 Qd6 13. Nd2 Be6 14. Ndf3 Ne4
15. Bf4 Qd8 16. Ng5 Ng6 17. Qh5 Nxf4 0-1

[Event "Superettan(Upsala II-Passanten)"]
[Site "?"]
[Date "2008.01.12"]
[Round "4"]
[White "Johansson, Carl Fredrik"]
[Black "Larsson, Per"]
[Result "0-1"]
[WhiteElo "2205"]
[BlackElo "2358"]
[PlyCount "56"]

1. d4 Nf6 2. c4 e6 3. Nc3 Bb4 4. f3 d5 5. a3 Be7 6. e4 dxe4 7. fxe4 e5 8. d5
Bc5 9. Nf3 Bg4 10. h3 Bxf3 11. Qxf3 Nbd7 12. Bd3 O-O 13. Bd2 a5 14. Rb1 c6 15.
Ne2 cxd5 16. cxd5 Ne8 17. Ng3 Nd6 18. Be3 f5 19. Bxc5 Nxc5 20. Qe3 Nxd3+ 21.
Qxd3 fxe4 22. Qe3 Nc4 23. Qc3 Qh4 24. Kd1 e3 25. Ne2 Qe4 26. Rc1 Rac8 27. Rc2
Nd6 28. Qb3 a4 0-1

[Event "Superettan(Upsala II-Passanten)"]
[Site "?"]
[Date "2008.01.12"]
[Round "4"]
[White "Lundin, Anders"]
[Black "Sittenfeld, Johan"]
[Result "1-0"]
[WhiteElo "2180"]
[BlackElo "2123"]
[PlyCount "133"]

1. d4 Nf6 2. c4 e6 3. Nf3 b6 4. a3 Ba6 5. e3 d5 6. b3 Be7 7. Bd3 O-O 8. O-O
Nbd7 9. Nbd2 c5 10. Bb2 Qc7 11. Qe2 Rac8 12. Rfe1 Rfd8 13. Ne5 Nxe5 14. dxe5
Nd7 15. f4 dxc4 16. bxc4 g6 17. Ne4 Bb7 18. Rad1 Bxe4 19. Bxe4 Nb8 20. Bc3 Nc6
21. g4 a6 22. Rxd8+ Rxd8 23. Qf3 Rc8 24. Rb1 Bf8 25. h4 Nd8 26. f5 Rb8 27. Rf1
Qe7 28. f6 Qd7 29. h5 b5 30. Ba5 Nb7 31. Rd1 Qxd1+ 32. Qxd1 Nxa5 33. hxg6 hxg6
34. cxb5 axb5 35. Qd7 Nc4 36. Qc7 Rb6 37. Bc6 Rxc6 38. Qxc6 Nxa3 39. Kf1 c4 40.
Ke1 b4 41. Kd1 b3 42. Kc1 Nc2 43. Qxc4 Nxe3 44. Qa4 g5 45. Kb2 Nd5 46. Kxb3 Nf4
47. Qe4 Ng6 48. Kc4 Nf4 49. Qh1 Ng6 50. Kd4 Nf4 51. Qh2 Ng6 52. Qh5 Ba3 53. Qh6
Bf8 54. Qxg5 Ba3 55. Qh6 Bf8 56. Qh2 Ba3 57. Ke4 Bf8 58. Qc2 Bh6 59. Qc8+ Bf8
60. Qb8 Nh8 61. Kd4 Ng6 62. g5 Nf4 63. Kc4 Nh3 64. Qa8 Nxg5 65. Qg2 Bh6 66. Qg4
Kh7 67. Qh5 1-0

[Event "Superettan(Upsala II-Passanten)"]
[Site "?"]
[Date "2008.01.12"]
[Round "4"]
[White "Stenson, Johan"]
[Black "Hahlin, Lars-Ola"]
[Result "0-1"]
[WhiteElo "2110"]
[BlackElo "2121"]
[PlyCount "78"]

1. e4 g6 2. d4 Bg7 3. f4 d5 4. e5 Nd7 5. Nc3 c6 6. Nf3 h5 7. Bd3 Nf8 8. Be3 Nh6
9. Qd2 Bf5 10. O-O-O Ne6 11. Ne2 Bxd3 12. Qxd3 Nf5 13. g3 Qa5 14. Kb1 O-O-O 15.
Bf2 Kb8 16. h3 c5 17. dxc5 Nxc5 18. Qc3 Qxc3 19. Nxc3 Ne4 20. Nxe4 dxe4 21. Nd4
Nxd4 22. Bxd4 f5 23. exf6 exf6 24. c3 Kc7 25. f5 gxf5 26. Rhf1 h4 27. gxh4 Rh5
28. Rde1 b6 29. Rg1 Rd7 30. Rg6 Rxh4 31. Reg1 Bh8 32. Rf1 f4 33. Rg4 Rxg4 34.
hxg4 f3 35. Kc2 Bg7 36. Rh1 f5 37. gxf5 Bxd4 38. cxd4 Rxd4 39. Rf1 Kd6 0-1

[Event "Superettan(Upsala II-Passanten)"]
[Site "?"]
[Date "2008.01.12"]
[Round "4"]
[White "Danielsson, Robert"]
[Black "Dolata, Henryk"]
[Result "1-0"]
[WhiteElo "2003"]
[BlackElo "2069"]
[PlyCount "79"]

1. Nf3 d5 2. d4 Nf6 3. g3 e6 4. Bg2 Be7 5. O-O O-O 6. c4 dxc4 7. Qc2 a6 8. a4
c5 9. Qxc4 b6 10. dxc5 Bxc5 11. Nc3 Bb7 12. Bg5 Nbd7 13. Nh4 Qc7 14. Qb3 Bxg2
15. Nxg2 h6 16. Be3 Rac8 17. Rac1 Qb7 18. Bxc5 Rxc5 19. Nf4 Rfc8 20. Nd3 R5c7
21. f3 Nc5 22. Nxc5 Rxc5 23. Rcd1 b5 24. axb5 axb5 25. Rd2 b4 26. Nd1 e5 27.
Nf2 Qb6 28. Kg2 g5 29. Rfd1 Rc1 30. Rd6 R1c6 31. Rxc6 Rxc6 32. Rd2 Kg7 33. Rd1
h5 34. Qd3 g4 35. Rd2 b3 36. Qf5 gxf3+ 37. exf3 Qc7 38. Qg5+ Kf8 39. Ne4 Ne8
40. Qe3 1-0

[Event "Superettan(Upsala II-Passanten)"]
[Site "?"]
[Date "2008.01.12"]
[Round "4"]
[White "Fallman, Micael"]
[Black "Jordas, Ingvar"]
[Result "1-0"]
[WhiteElo "2097"]
[BlackElo "1887"]
[PlyCount "91"]

1. d4 d5 2. Nf3 Nf6 3. c4 e6 4. g3 Bb4+ 5. Bd2 Bxd2+ 6. Nbxd2 O-O 7. Bg2 Nbd7
8. O-O c6 9. Qc2 dxc4 10. Nxc4 Nb6 11. Nce5 Qe7 12. Rad1 Ne8 13. Rfe1 Nc7 14.
h4 Bd7 15. Ng5 g6 16. Ne4 Rab8 17. Qc5 Rfe8 18. Bh3 Kg7 19. Qc1 Ncd5 20. Nc5
Nf6 21. e4 Red8 22. a4 Be8 23. a5 Nc8 24. Nf3 b6 25. axb6 axb6 26. Nd3 Na7 27.
Nf4 h6 28. b3 Nb5 29. Qb2 Kh7 30. d5 Bd7 31. d6 Nxd6 32. e5 Nde8 33. exf6 Nxf6
34. Ne5 Be8 35. Bg2 Rxd1 36. Rxd1 Qc5 37. Nxc6 Bxc6 38. Qxf6 Rf8 39. Bxc6 Qxc6
40. Nxg6 Rg8 41. Qxf7+ Rg7 42. Nf8+ Kh8 43. Qf6 Kg8 44. Nxe6 Rd7 45. Qg6+ Kh8
46. Qe8+ 1-0

[Event "Superettan(Eksjo-Manhem II)"]
[Site "?"]
[Date "2008.01.13"]
[Round "5"]
[White "Fendrich, David"]
[Black "Schussler, Harry"]
[Result "1/2-1/2"]
[WhiteElo "2300"]
[BlackElo "2445"]
[PlyCount "44"]
[EventDate "2008.??.??"]

1. g3 g6 2. Bg2 Bg7 3. c4 c5 4. Nc3 Nc6 5. a3 a5 6. Nf3 e5 7. d4 Nxd4 8. Nxd4
cxd4 9. Nb5 Ne7 10. e3 O-O 11. exd4 d5 12. dxe5 dxc4 13. O-O Bxe5 14. Qe2 Bg7
15. Bf4 Nc6 16. Nc7 g5 17. Bxc6 gxf4 18. Nxa8 bxc6 19. Rad1 Qg5 20. Nb6 Bg4 21.
Qxc4 Bxd1 22. Rxd1 fxg3 1/2-1/2

[Event "Superettan(Eksjo-Manhem II)"]
[Site "?"]
[Date "2008.01.13"]
[Round "5"]
[White "Vernersson, Per"]
[Black "Welin, Mats"]
[Result "1-0"]
[WhiteElo "2468"]
[BlackElo "2264"]
[PlyCount "91"]
[EventDate "2008.??.??"]

1. d4 Nf6 2. c4 e6 3. g3 d5 4. Nf3 dxc4 5. Bg2 a6 6. O-O Nc6 7. Nc3 Rb8 8. e4
b5 9. d5 Nb4 10. Ne5 Bd6 11. f4 Bb7 12. a3 Nd3 13. Nxd3 cxd3 14. Qxd3 exd5 15.
exd5 O-O 16. Be3 Be7 17. Rad1 Qd7 18. b4 Rbd8 19. Bc5 Rfe8 20. h3 Bxc5+ 21.
bxc5 Qe7 22. d6 cxd6 23. cxd6 Qd7 24. Rf2 Bxg2 25. Kxg2 Re6 26. Rfd2 Ne8 27.
Qf3 h6 28. Ne4 Rc8 29. Rd5 Rc2+ 30. R1d2 Rxd2+ 31. Rxd2 Nxd6 32. Nc5 Qe7 33.
Nxe6 Qxe6 34. Qd5 Qxd5+ 35. Rxd5 Nc4 36. Rd8+ Kh7 37. Rd3 Kg6 38. Kf3 Kf6 39.
Ke4 Ke6 40. f5+ Kf6 41. Kf4 g5+ 42. Ke4 Ke7 43. Kd5 Kd7 44. Kc5+ Kc7 45. g4 Nb6
46. Re3 1-0

[Event "Superettan(Eksjo-Manhem II)"]
[Site "?"]
[Date "2008.01.13"]
[Round "5"]
[White "Andersson, Goran"]
[Black "Ornstein, Axel"]
[Result "1-0"]
[WhiteElo "2190"]
[BlackElo "2446"]
[PlyCount "55"]
[EventDate "2008.??.??"]

1. e4 c5 2. Nf3 d6 3. d4 cxd4 4. Nxd4 Nf6 5. Nc3 Nc6 6. Bg5 e6 7. Qd2 Qb6 8.
Nb3 a6 9. O-O-O Be7 10. f3 O-O 11. g4 Rd8 12. Be3 Qc7 13. Qf2 Nd7 14. g5 b5 15.
h4 b4 16. Na4 Rb8 17. h5 Nce5 18. Nd2 Bb7 19. Nb6 Bxe4 20. Nxe4 Nxb6 21. g6
Nbc4 22. h6 hxg6 23. hxg7 d5 24. Ng5 Nxe3 25. Qxe3 Bf6 26. Rh8+ Kxg7 27. Nxe6+
Kxh8 28. Nxc7 1-0

[Event "Superettan(Eksjo-Manhem II)"]
[Site "?"]
[Date "2008.01.13"]
[Round "5"]
[White "Thornert, Hakan"]
[Black "Eriksson, Mats"]
[Result "0-1"]
[WhiteElo "2240"]
[BlackElo "2197"]
[PlyCount "68"]
[EventDate "2008.??.??"]

1. e4 e5 2. f4 exf4 3. Nf3 h6 4. d4 g5 5. Nc3 Bg7 6. g3 fxg3 7. hxg3 d6 8. Bc4
Nf6 9. Qd3 Nc6 10. a3 Bg4 11. Rf1 Qd7 12. Be3 O-O 13. O-O-O Rae8 14. Rde1 Bh3
15. Rg1 Ng4 16. Bb5 a6 17. Bxc6 Qxc6 18. Kb1 Nxe3 19. Rxe3 Qd7 20. Rge1 c6 21.
Qd2 Re7 22. e5 Rfe8 23. Qh2 Bg4 24. Ne4 dxe5 25. Nxe5 Qxd4 26. Nf6+ Bxf6 27. c3
Bf5+ 28. Ka2 Qd6 29. Nc4 Qd8 30. Qxh6 Rxe3 31. Nxe3 Bg6 32. g4 Qd2 33. Rf1 Bxc3
34. Nc4 Qd3 0-1

[Event "Superettan(Eksjo-Manhem II)"]
[Site "?"]
[Date "2008.01.13"]
[Round "5"]
[White "Andersson, Kaj"]
[Black "de Verdier, Michael"]
[Result "0-1"]
[WhiteElo "2095"]
[BlackElo "2253"]
[PlyCount "80"]

1. e4 c5 2. Nf3 d6 3. d4 cxd4 4. Nxd4 Nf6 5. Nc3 Nc6 6. Be2 e5 7. Nb3 Be7 8. g4
O-O 9. g5 Ne8 10. Rg1 Be6 11. Bg4 a5 12. Bxe6 fxe6 13. Qg4 Qd7 14. Be3 a4 15.
Nd2 Nb4 16. O-O-O a3 17. Nc4 axb2+ 18. Kxb2 Qc8 19. Qe2 Qc6 20. Nb6 Ra6 21. a3
Rxb6 22. Bxb6 Qxb6 23. Na4 Qc6 24. axb4 Qxa4 25. c3 Nc7 26. Ra1 Qc6 27. Rg3 d5
28. exd5 exd5 29. g6 hxg6 30. Rag1 Qb6 31. Rxg6 Rxf2 32. Rxg7+ Kf8 33. Rg8+ Kf7
34. Rf1 Rxf1 35. Rg2 Rf6 36. Qh5+ Ke6 37. Rg7 d4 38. Qh7 dxc3+ 39. Kb3 Qxb4+
40. Kc2 Qb2+ 0-1

[Event "Superettan(Eksjo-Manhem II)"]
[Site "?"]
[Date "2008.01.13"]
[Round "5"]
[White "Krantz, Christopher"]
[Black "Bergre, Joachim"]
[Result "1-0"]
[WhiteElo "2156"]
[BlackElo "2128"]
[PlyCount "87"]

1. e4 d6 2. d4 g6 3. Nc3 Bg7 4. Be3 a6 5. Qd2 b5 6. a4 b4 7. Nce2 a5 8. Ng3 Ba6
9. Bxa6 Nxa6 10. Nf3 Qc8 11. O-O Nf6 12. Bh6 O-O 13. Bxg7 Kxg7 14. Rfe1 e6 15.
h4 h6 16. h5 Nh7 17. Nh2 e5 18. dxe5 dxe5 19. Qd5 Re8 20. hxg6 fxg6 21. Nf3 Nf6
22. Qxa5 c5 23. Rad1 Qc6 24. Qb5 Qxb5 25. axb5 Nc7 26. b6 Nb5 27. Ra1 Rab8 28.
Ra6 Re6 29. Rea1 Ng4 30. Rd1 Nd4 31. c3 bxc3 32. bxc3 Nb5 33. c4 Nd4 34. Rb1
Nc2 35. Rb5 Nb4 36. Ra7+ Kf6 37. b7 Re7 38. Nf1 Kf7 39. N1d2 Nc6 40. Ra6 Nb4
41. Rab6 Nd3 42. Nb3 Rd7 43. g3 Ndxf2 44. Nxc5 1-0

[Event "Superettan(Eksjo-Manhem II)"]
[Site "?"]
[Date "2008.01.13"]
[Round "5"]
[White "von Bromssen, Goran"]
[Black "Andersson, Johan"]
[Result "1/2-1/2"]
[WhiteElo "2086"]
[BlackElo "2137"]
[PlyCount "38"]

1. d4 d6 2. Nf3 f5 3. g3 Nf6 4. Bg2 g6 5. O-O Bg7 6. b4 O-O 7. Bb2 Qe8 8. c4 e5
9. dxe5 Ng4 10. b5 Nd7 11. a4 Ngxe5 12. Qc2 Nc5 13. Nbd2 f4 14. Nxe5 Bxe5 15.
Bxe5 Qxe5 16. Nf3 Qf6 17. Ra3 Bf5 18. Qd2 Be4 19. Ne1 Bxg2 1/2-1/2

[Event "Superettan(Eksjo-Manhem II)"]
[Site "?"]
[Date "2008.01.13"]
[Round "5"]
[White "Al-Saadi, Ali Ghazi"]
[Black "Lundstrom, Mattias"]
[Result "0-1"]
[WhiteElo "2128"]
[BlackElo "2042"]
[PlyCount "100"]
[EventDate "2008.??.??"]

1. e4 c5 2. Nf3 d6 3. d4 cxd4 4. Qxd4 Nc6 5. Bb5 Bd7 6. Bxc6 Bxc6 7. Bg5 Nf6 8.
Nc3 e6 9. O-O Be7 10. Rad1 O-O 11. Rfe1 Qa5 12. h3 Rfd8 13. a3 b5 14. Rd3 a6
15. Qe3 Qc7 16. Nd4 Bb7 17. Qg3 Rac8 18. Qh4 Rd7 19. Rg3 Ne8 20. Bxe7 Rxe7 21.
Ree3 Rd7 22. Rg5 Qd8 23. Rf3 Rc4 24. Nde2 d5 25. b3 Rc8 26. exd5 Bxd5 27. Rfg3
Bb7 28. Qh6 g6 29. Re5 Qf6 30. Qe3 Qe7 31. b4 Nd6 32. Qf4 Nf5 33. Rd3 Rxd3 34.
cxd3 f6 35. Re4 Bxe4 36. Nxe4 Kg7 37. Nc5 a5 38. g4 axb4 39. axb4 Nd6 40. g5 e5
41. Qg4 f5 42. Qg2 Nf7 43. d4 exd4 44. Nxd4 Qe1+ 45. Kh2 Qe5+ 46. f4 Qxf4+ 47.
Kh1 Kg8 48. Nde6 Qxb4 49. Qb7 Qb1+ 50. Kh2 Qc2+ 0-1

[Event "Superettan(Farsta-Rockaden,Umea)"]
[Site "?"]
[Date "2008.01.13"]
[Round "5"]
[White "Malmstig, Erik"]
[Black "Jaderberg, Bjorn"]
[Result "1-0"]
[WhiteElo "2343"]
[BlackElo "2242"]
[PlyCount "63"]

1. d4 Nf6 2. Bg5 e6 3. e4 h6 4. Bxf6 Qxf6 5. Qd2 b6 6. Nc3 Bb4 7. a3 Bxc3 8.
Qxc3 Nc6 9. Nf3 Bb7 10. Qd2 O-O 11. O-O-O d6 12. Be2 e5 13. d5 Ne7 14. g3 Rfd8
15. Qe3 c6 16. c4 Ba6 17. Kb1 Rdc8 18. h4 cxd5 19. cxd5 Bxe2 20. Qxe2 Rc5 21.
Ne1 Rac8 22. Nd3 Rc4 23. h5 Kf8 24. Rhf1 Ng8 25. f4 exf4 26. Nxf4 Ke8 27. Ng6
Qg5 28. e5 fxg6 29. exd6+ Ne7 30. Qe6 Rd8 31. dxe7 Qxe7 32. Qxg6+ 1-0

[Event "Superettan(Farsta-Rockaden,Umea)"]
[Site "?"]
[Date "2008.01.13"]
[Round "5"]
[White "Backelin, Rikard"]
[Black "Engman, Rickard"]
[Result "1-0"]
[WhiteElo "2404"]
[BlackElo "2253"]
[PlyCount "81"]

1. e4 e5 2. Nf3 Nc6 3. Bc4 Nf6 4. d3 Be7 5. O-O O-O 6. a4 d6 7. Re1 Na5 8. Ba2
c5 9. c3 Nc6 10. Nbd2 Be6 11. Nc4 Nd7 12. Ne3 Bxa2 13. Rxa2 Re8 14. h3 Nf6 15.
Nd5 Nxd5 16. exd5 Nb8 17. d4 exd4 18. cxd4 cxd4 19. Qxd4 Na6 20. b4 Bf6 21.
Rxe8+ Qxe8 22. Qf4 Bc3 23. b5 Nb4 24. Ra3 Nd3 25. Qe3 Nxc1 26. Qxc1 Bb4 27. Re3
Qd7 28. Re4 Bc5 29. Qe1 h6 30. g4 Kf8 31. Nh4 Re8 32. Nf5 Rxe4 33. Qxe4 g6 34.
Nxh6 Kg7 35. g5 Qxh3 36. Qf4 Qd7 37. Qf6+ Kh7 38. Qxf7+ Qxf7 39. Nxf7 Kg7 40.
Nd8 b6 41. Kg2 1-0

[Event "Superettan(Farsta-Rockaden,Umea)"]
[Site "?"]
[Date "2008.01.13"]
[Round "5"]
[White "Forsberg, Viktor"]
[Black "Hjelm, Niclas"]
[Result "1/2-1/2"]
[WhiteElo "2307"]
[BlackElo "2367"]
[PlyCount "104"]

1. e4 e5 2. Nf3 Nc6 3. Bb5 Nf6 4. O-O Nxe4 5. d4 Nd6 6. Bxc6 dxc6 7. dxe5 Nf5
8. Qxd8+ Kxd8 9. Nc3 Ne7 10. Nd4 c5 11. Ndb5 a6 12. Rd1+ Bd7 13. Ne4 axb5 14.
Nxc5 Ke8 15. Rxd7 Nc6 16. Rxc7 Bxc5 17. Rxb7 Rc8 18. c3 Nxe5 19. Rxb5 Nd3 20.
Kf1 Kd7 21. b4 Rhe8 22. Be3 Bxe3 23. Rd5+ Kc6 24. Rxd3 Bb6 25. a4 Rcd8 26. Rad1
Rxd3 27. Rxd3 Bc7 28. Rd4 Re7 29. g3 f5 30. Rc4+ Kb7 31. Kg2 g6 32. Kf3 Be5 33.
Rc5 Bg7 34. h4 Rc7 35. Rxc7+ Kxc7 36. h5 Bxc3 37. hxg6 hxg6 38. Kf4 Bf6 39. g4
fxg4 40. Kxg4 Kd6 41. Kf4 Ke6 42. a5 Bd8 43. f3 Bh4 44. b5 Be1 45. a6 Bf2 46.
Kg5 Kf7 47. f4 Be3 48. b6 Bxb6 49. f5 Be3+ 50. Kg4 g5 51. a7 Bxa7 52. Kxg5 Bb6
1/2-1/2

[Event "Superettan(Farsta-Rockaden,Umea)"]
[Site "?"]
[Date "2008.01.13"]
[Round "5"]
[White "Lindeman, Sven"]
[Black "Lindgren, Fredrik"]
[Result "1-0"]
[WhiteElo "2208"]
[BlackElo "2282"]
[PlyCount "77"]

1. e4 c5 2. Nf3 Nc6 3. Bb5 g6 4. Bxc6 dxc6 5. d3 Bg7 6. h3 e5 7. Be3 b6 8. a3
f6 9. b4 cxb4 10. axb4 Nh6 11. Nbd2 O-O 12. O-O Nf7 13. d4 f5 14. dxe5 Nxe5 15.
Bg5 Qe8 16. Nxe5 Qxe5 17. Ra3 fxe4 18. Be3 Qb5 19. Qb1 Be6 20. Nxe4 Qe5 21. Nd2
Qh5 22. Re1 Qh4 23. c3 Rfe8 24. Nf3 Qc4 25. Bd4 Bxd4 26. Nxd4 Bd5 27. Qc1 c5
28. bxc5 bxc5 29. Nc2 a5 30. Rxe8+ Rxe8 31. Ne3 Qf4 32. Rxa5 Rb8 33. Ra1 Bc6
34. Qd1 Re8 35. Qg4 Qe5 36. Qc4+ Kh8 37. Ra5 Rb8 38. Rxc5 Rb1+ 39. Nf1 1-0

[Event "Superettan(Farsta-Rockaden,Umea)"]
[Site "?"]
[Date "2008.01.13"]
[Round "5"]
[White "Nygren, David"]
[Black "Hedin, Gunnar"]
[Result "0-1"]
[WhiteElo "2253"]
[BlackElo "2200"]
[PlyCount "120"]

1. e4 e6 2. d4 d5 3. Nc3 Nf6 4. Bg5 dxe4 5. Nxe4 Be7 6. Bxf6 gxf6 7. Nf3 b6 8.
Bd3 Bb7 9. Qe2 c6 10. O-O-O Qc7 11. Kb1 Nd7 12. Ng3 O-O-O 13. c4 Kb8 14. Rhe1
h5 15. a3 Rde8 16. Qd2 h4 17. Nf1 Bd6 18. g3 hxg3 19. fxg3 Bf8 20. Qf2 Bh6 21.
Bc2 Rd8 22. Bb3 f5 23. Bc2 Ba6 24. Bd3 Rhg8 25. Qc2 Bb7 26. Qf2 Ba6 27. Qe2 Bb7
28. Ka1 Ka8 29. Ne3 f4 30. gxf4 Qxf4 31. Nc2 c5 32. Rf1 Qg4 33. h3 Qxh3 34. Ng1
Qg4 35. Rxf7 cxd4 36. Rh7 Be3 37. Qxg4 Rxg4 38. Nxe3 dxe3 39. Be2 Rgg8 40. Re7
Nc5 41. Rxd8+ Rxd8 42. Ka2 a5 43. Rg7 Nd3 44. Rg3 Nc1+ 45. Ka1 Nxe2 46. Nxe2
Rd3 47. Rg8+ Ka7 48. Nc3 Bf3 49. Rg7+ Kb8 50. Rg8+ Kb7 51. Rg7+ Kc8 52. Rg1 e2
53. Ka2 Rd1 54. Nxe2 Bxe2 55. Rg8+ Kc7 56. b3 Rd2+ 57. Kb1 Bd3+ 58. Kc1 Rc2+
59. Kd1 Ra2 60. a4 Bc2+ 0-1

[Event "Superettan(Farsta-Rockaden,Umea)"]
[Site "?"]
[Date "2008.01.13"]
[Round "5"]
[White "Wieweg, Johnny"]
[Black "Larsson, Johan"]
[Result "1-0"]
[WhiteElo "2121"]
[BlackElo "2176"]
[PlyCount "61"]

1. e4 c5 2. Nf3 d6 3. Bb5+ Bd7 4. Bxd7+ Qxd7 5. O-O g6 6. c3 Bg7 7. d4 cxd4 8.
cxd4 d5 9. e5 Nc6 10. Nc3 e6 11. Bf4 Nge7 12. Rc1 O-O 13. Qd2 f6 14. exf6 Bxf6
15. Rfe1 Nf5 16. Ne5 Qg7 17. Nxc6 bxc6 18. Be5 Bxe5 19. Rxe5 c5 20. Rxe6 Nxd4
21. Rd6 Rad8 22. Rxd5 Rxd5 23. Nxd5 Rd8 24. Rxc5 Qe5 25. Qe3 Ne2+ 26. Kf1 Qxh2
27. Kxe2 Qh5+ 28. f3 Qh2 29. Qe6+ Kg7 30. Qf6+ Kh6 31. Qf4+ 1-0

[Event "Superettan(Farsta-Rockaden,Umea)"]
[Site "?"]
[Date "2008.01.13"]
[Round "5"]
[White "Hellstrom, Magnus"]
[Black "Nilsson, Ove"]
[Result "1-0"]
[WhiteElo "2091"]
[BlackElo "2197"]
[PlyCount "83"]

1. e4 g6 2. d4 Bg7 3. Nc3 d6 4. Nge2 c6 5. a4 a5 6. g3 Nf6 7. Bg2 O-O 8. O-O e5
9. Re1 Qc7 10. h3 Nbd7 11. Be3 Re8 12. Qd2 b6 13. Rad1 Bb7 14. g4 Red8 15. g5
Ne8 16. f4 Bf8 17. Rf1 Ng7 18. f5 exd4 19. Nxd4 Ne5 20. b3 Ba6 21. Rf2 Rab8 22.
Bf1 Bb7 23. Nf3 Nh5 24. Kg2 d5 25. exd5 cxd5 26. Nb5 Nxf3 27. Rxf3 Qe5 28. Bd4
Qe4 29. Bd3 Qh4 30. Bf2 Qb4 31. fxg6 hxg6 32. Bxb6 Re8 33. Qxb4 Bxb4 34. Bd4
Ng7 35. Rdf1 Re7 36. Kf2 Ne6 37. Bf6 Bc5+ 38. Ke1 Ree8 39. Kd2 d4 40. R1f2 Bb4+
41. Kd1 Bc5 42. Be5 1-0